Statistieken voor Palestina Trivia Quiz

Klik hier om de quiz te nemen!

Algemene statistieken

  • Deze quiz is 199 keer genomen
  • De gemiddelde score is 12 van 20

Antwoordstatistieken

HintAntwoord% Correct
Landen die aan deze gebieden grenzenIsraël
96%
Landen die aan deze gebieden grenzenJordanië
94%
Landen die aan deze gebieden grenzenEgypte
89%
De twee gebieden waar Palestina uit bestaatGazastrook
83%
Geboorteplaats van Jezus volgens de BijbelBethlehem
77%
De twee gebieden waar Palestina uit bestaatWestelijke Jordaanoever
76%
Land dat een "mandaat" had om Palestina te regeren van 1922 tot 1947Verenigd Koninkrijk
73%
Voorgestelde hoofdstad van een toekomstige Palestijnse staatOost-Jeruzalem
72%
Partij die gebied # 2 regeertHamas
71%
Rijk dat Palestina regeerde van 1516 tot 1922Ottomaanse Rijk
67%
Voorzitter van de PLO van 1969-2004Yasser Arafat
58%
Huidige de-facto hoofdstadRamallah
52%
Naam van de moskee die rond 700 n.Chr. op de Tempelberg werd gebouwd.Al-{Aqsa}
50%
Term voor de gewelddadige Palestijnse opstanden die plaatsvonden in 1987–1993 en 2000–2005Intifada
48%
Voormalig koninkrijk in het gebied geregeerd door koning HerodesJudea
46%
Huidige president van de Palestijnse AutoriteitMahmoud Abbas
45%
Oudste stad in Palestina, en mogelijk de hele wereldJericho
43%
Partij die de regering van gebied # 1 leidtFatah
36%
Meest bevolkte stad die door de PA wordt geregeerdHebron
35%
Naam voor het gebied tijdens de bronstijdKanaän
28%

Scoreverdeling

Percentiel versus Aantal Correcte Antwoorden

Procent van Mensen met Elke Score

Uw Scoregeschiedenis

U heeft deze quiz nog niet genomen